000
00291nam a2200109Ia 4500
008
171211s9999 xx 000 0 und d
245
4
_a
The Ultimate Teen Guide
245
_c
Jessica R. Greene
260
_c
2014
650
_x
HEALTH
856
_u
http://down.ebook777.com/017/9780810887732.pdf
999
_c
348372
_d
348372